El espíritu del Movimiento de Oxford.

Kaydedildi:
Detaylı Bibliyografya
Yazar: Dawson, Christopher (autor)
Diğer Yazarlar: Morales, José (traducción, introducción, notas)
Materyal Türü: Kitap
Dil:İngilizce
Baskı/Yayın Bilgisi: Madrid, España: Ediciones Rialp, 2000.
Konular:
Etiketler: Etiketle
Etiket eklenmemiş, İlk siz ekleyin!

MARC

LEADER 00000nam a22000007a 4500
003 CL-VaPUC
005 20220825115350.0
008 220817t2000 ||||| |||| 00| 0 eng d
999 |c 438364  |d 438362 
020 |a 84-321-3301-9  
040 |c Pontificia Universidad Católica de Valparaíso 
082 |2 22  |a 283 DAW 2000  
100 |9 337021  |a Dawson, Christopher  |e autor 
245 |a El espíritu del Movimiento de Oxford.  
260 |a Madrid, España:   |b Ediciones Rialp,   |c 2000. 
300 |a 158 páginas.  
500 |a c.1 Donación Sr. Rector Nelson Vásquez Lara, julio 2022. 
583 |c 20220817  |k Yessy Sthefany Diaz Vidal 
650 0 |9 875708  |a Iglesias anglicanas   |x Tendencias religiosas  
650 0 |9 875709  |a Movimiento de Oxford  |x Iglesias anglicanas  
650 0 |9 875718  |a Movimiento Tractariano   |x Iglesias anglicanas  
650 0 |9 347523  |a Anglicanismo  
700 |9 875707  |a Morales, José   |e traducción  |e introducción   |e notas  
942 |2 ddc  |c BK 
952 |0 0  |1 0  |2 ddc  |4 0  |6 283_000000000000000_DAW_2000  |7 0  |8 A  |9 586277  |a BIBHIS  |b BIBHIS  |c GEN  |d 2022-08-17  |e Donación   |i 5654149  |o 283 DAW 2000  |p 5654149  |r 2025-01-20  |t 1  |w 2022-08-17  |y BK  |k HIS